00389nam a2200109Ia 4500008004100000082001900041100002800060245005200088942001200140999001900152952010800171210430s9999 xx 000 0 und d a330.04 N5321 E aDonaid G.Neweman954061 aEngineering Economic AnalysiscDonaid G.Neweman cBK2ddc c564522d564522 001040708NFICaSCMEbSCMEcGENd0000-00-00l0o330.04 N5321 EpSCME-3739r2021-04-30w2021-04-30yBK